000 00501nam a2200193 4500
003 OSt
005 20260601171021.0
008 260520b\\\\\\\\||||||||\||||\00|\0\por\d
040 _aICI
_bspa
_cICI
_erda
050 _aHE9797.P8
_bA85
100 _aTAP Air Portugal
_eautor
_934635
245 _aAtlantis
264 _aPortugal
_bTAP Air Portugal
_c1998
300 _a137 páginas
336 _2rdacontent
_atexto
337 _2rdamedia
_asin medio
338 _2rdacarrier
_avolumen
942 _2lcc
_n1
_cB
999 _c20875
_d20875